El individuo y el grupo /
Guardado en:
| Autor Principal: | |
|---|---|
| Formato: | Libro |
| Publicado: |
España :
Aguilar,
1972
|
| Materias: | |
| Etiquetas: |
Agregar Etiqueta
Sin Etiquetas, Sea el primero en etiquetar este registro!
|
| LEADER | 00725nam a22002175a 4500 | ||
|---|---|---|---|
| 001 | CEM.cems003498 | ||
| 005 | 19000101000000.0 | ||
| 008 | 130507s1972##################000#0#####d | ||
| 003 | CEMS | ||
| 082 | 0 | 4 | |a 301.15 |
| 100 | 1 | |a Johannot, Henri | |
| 245 | 1 | 0 | |a El individuo y el grupo / |c Henri Johannot |
| 260 | |a España : |b Aguilar, |c 1972 | ||
| 300 | |a 143 p. | ||
| 505 | 0 | |a La asociaci¢n, el grupo y el equipo.-El entrenador, el animador y el lider.-El trabajo en colaboraci¢n.-El punto de vista cristiano.- | |
| 653 | |a Contrato social-teoria | ||
| 653 | |a Individuo | ||
| 653 | |a Individuo y grupo | ||
| 653 | |a Molde social-teoria | ||
| 653 | |a Psicologia social | ||
| 859 | |a CEMS |b BIB. CEMS - 11 de abril |h 301.15 |i J599 |p 579.73 |t Ej.1 | ||
